| 000 | 00970nac a22002891i 4500 | ||
|---|---|---|---|
| 003 | EG-ScBUE | ||
| 005 | 20240416094920.0 | ||
| 008 | 240416s1993 enkab f b 001 0 eng d | ||
| 020 | _a9780340614556 | ||
| 020 | _a0340614552 | ||
| 040 |
_aEG-ScBUE _beng _erda _cEG-ScBUE _dEG-ScBUE |
||
| 082 | 0 | 4 |
_a942.055092 _bMAC _222 |
| 100 | 1 |
_aMacCaffrey, Wallace T., _eauthor. |
|
| 245 | 1 | 0 |
_aElizabeth I / _cWallace MacCaffrey. |
| 264 | 1 |
_aLondon ; _aNew York : _bEdward Arnold, _c1993. |
|
| 300 |
_a480 pages : _billustrations, maps ; _c24 cm |
||
| 336 |
_2rdacontent _atext _btxt |
||
| 337 |
_aunmediated _2rdamedia _bn |
||
| 338 |
_avolume _bnc _2rdacarrier |
||
| 504 | _aIncludes bibliographical references and index. | ||
| 600 | 0 | 7 |
_aElizabeth _d1533-1603. _2BUEsh |
| 650 | 7 |
_aQueens _zGreat Britain _xBiography. _2BUEsh |
|
| 651 | 7 |
_aGreat Britain _xHistory _yElizabeth, 1558-1603. _2BUEsh |
|
| 655 | _vReading book | ||
| 740 | 0 | _aElizabeth the First. | |
| 942 |
_cBB _2ddc |
||
| 999 |
_c7347 _d7347 |
||